000 01339naa a22002897a 4500
001 BR7100133
003 BR-BrBNA
005 20240918173416.0
007 ta
008 230509b bl.||||| |||| 00| 0 por d
040 _aBR-BrBNA
_bpor
_cBiblioteca Nacional de Agricultura
041 _a(En)
072 _aP34; F61
_b1950
090 _aP34 BR7100133
100 1 _aBergersen, F.J.
111 1 _aSeminario sobre Metodologia e Planejamento de Pesquisa com Leguminosas Tropicais
_cCampos, RJ (Brazil)
_d25 Jul 1970
245 1 _aThe biochemistry of symbiotic nitrogen fixation in legumes. Intact plants and detached nodules [fixacao simbiotica de nitrogenio, nodulo]
260 3 _aBrasilia, DF (Brasil):
_c1971.
500 _aDobereiner, J.; Eira, P.A. da; Franco, A.A.; Campelo, A.B. (eds.) As leguminosas na agricultura tropical Brasilia, DF (Brasil): 1971. p. 98-107 (BR7100133-AM)P34
650 _aSIMBIOSE
650 _aFIXACAO SIMBIOTICA DE NITROGENIO
650 _aNODULO
650 _aLEGUMINOSA FORRAGEIRA
773 0 _tAs leguminosas na agricultura tropical
_aDobereiner, J.; Eira, P.A. da; Franco, A.A.; Campelo, A.B. (eds.). Departamento Nacional de Pesquisa Agropecuaria, Brasilia, DF (Brasil)
_wP34 BR7100133
_gBrasilia, DF (Brasil), 1971. p. 98-107
909 _a202404
_bLucia
_c55
_dLucia Elande
942 _cAM
_2AGRIS
999 _c304446
_d304446